000 01163cam a22002891 4500
001 gs 41000114
003 DLC
005 20260227111346.0
008 780208s1941 paub s000 0 eng c
010 _ags 41000114
035 _a(OCoLC)3616593
040 _aU.S. Geol. Survey Libr.
_cNcRS
_dNcRS
_dOCoLC
_dDLC
042 _apremarc
050 0 0 _aGB1025.P4
_bL624
082 _a551.4909748
086 0 _aPY G345/4.3 W7
_2padocs
100 1 _aLohman, Stanley William,
_d1907-
245 1 0 _aGround-water resources of Pennsylvania,
_cby Stanley W. Lohman. Prepared in cooperation between the Geological Survey, United States Department of the Interior, and the Pennsylvania Topographic and Geologic Survey.
260 _aHarrisburg, Pa.,
_bDept. of Internal Affairs, Topographic and Geologic Survey,
_c1941.
300 _avi, 32 p.
_bfold. map
_c24 cm.
490 1 _aPennsylvania. Topographic and Geologic Survey. Bulletin W7
500 _aAt head of title: Pennsylvania Geologic Survey, fourth series.
650 0 _aGroundwater
_zPennsylvania.
650 0 _aWater-supply
_zPennsylvania.
710 2 _aGeological Survey (U.S.)
830 0 _aBulletin W,
_v7.
999 _c27724
_d27724